ثقافات : مجلة ثقافية فصلية / (رقم التسجيلة. 101980)

تفاصيل مارك
000 -LEADER
fixed length control field 00477nas a22001577a 4500
005 - DATE AND TIME OF LATEST TRANSACTION
control field 20251108173344.0
008 - FIXED-LENGTH DATA ELEMENTS--GENERAL INFORMATION
fixed length control field 250721s9999 xx qr 000 0 ara d
082 14 - DEWEY DECIMAL CLASSIFICATION NUMBER
Classification number م/306.05 /ثقا
245 10 - TITLE STATEMENT
Title ثقافات : مجلة ثقافية فصلية /
264 1# - PRODUCTION, PUBLICATION, DISTRIBUTION, MANUFACTURE, AND COPYRIGHT NOTICE
Place of production, publication, distribution, manufacture البحرين :
Name of producer, publisher, distributor, manufacturer كلية الاداب-جامعه البحرين،
310 ## - CURRENT PUBLICATION FREQUENCY
Current publication frequency Quarterly
650 17 - SUBJECT ADDED ENTRY--TOPICAL TERM
Topical term or geographic name as entry element الثقافه
650 17 - SUBJECT ADDED ENTRY--TOPICAL TERM
Topical term or geographic name as entry element الدوريات العربية
942 ## - ADDED ENTRY ELEMENTS (KOHA)
Source of classification or shelving scheme Dewey Decimal Classification
Koha item type دوريات
المقتنيات
حالة السحب حالة الفقدان مصدر التصنيف حالة التلف غير قابل للإعارة المكتبة الرئيسية المكتبة الحالية موقع الرف تاريخ التزويد الترقيم التسلسلي / التسلسل الزمني الرقم المتسلسل Total Checkouts رقم الإستدعاء الباركود تاريخ آخر ظهور تاريخ الفاتورة نوع المادة (كوها)
    Dewey Decimal Classification   Not For Loan المكتبة المركزية المكتبة المركزية مراجع 28/07/2025 2003/7-8 1044306   م/306.05 /ثقا 1044306 28/07/2025 28/07/2025 دوريات
    Dewey Decimal Classification   Not For Loan المكتبة المركزية المكتبة المركزية مراجع 28/07/2025 2004/9-10 1044307   م/306.05 /ثقا 1044307 28/07/2025 28/07/2025 دوريات
    Dewey Decimal Classification   Not For Loan المكتبة المركزية المكتبة المركزية مراجع 28/07/2025 2004/11-12 1044308   م/306.05 /ثقا 1044308 28/07/2025 28/07/2025 دوريات
    Dewey Decimal Classification   Not For Loan المكتبة المركزية المكتبة المركزية مراجع 28/07/2025 2002/ ع3-4 1044309   م/306.05 /ثقا 1044309 28/07/2025 28/07/2025 دوريات
    Dewey Decimal Classification   Not For Loan المكتبة المركزية المكتبة المركزية مراجع 28/07/2025 2005/ ع14 598827   م/306.05 /ثقا 598827 28/07/2025 28/07/2025 دوريات
    Dewey Decimal Classification   Not For Loan المكتبة المركزية المكتبة المركزية مراجع 28/07/2025 مج2/ع1 1012890   م/306.05 /ثقا 1012890 28/07/2025 28/07/2025 دوريات
    Dewey Decimal Classification   Not For Loan المكتبة المركزية المكتبة المركزية مراجع 07/01/2014   598869   م/306.05 /ثقا PLD00291732 28/07/2025 07/01/2014 دوريات
Implemented & Customized by: BBB with SCIT (Smart Chains for Information Technology)

Powered by Koha